000 00282nam a22001337a 4500
008 180824b xxu||||| |||| 00| 0 eng d
020 _a131352695
041 _aeng
080 _a101
100 _a24
101 _aFIL
245 _aPHILOSOPHY RELIGION
_cHICK.J
942 _2udc
_cBK
999 _c47296
_d47296